00252nam a2200073Ia 4500008004100000082001500041100002600056245009600082240331s9999 xx 000 0 und d a303.6bDIS aDissanayaka, T.D.S.A. 4aThe dilemma of Sri Lanka :ban in-depth account of the current ethnic conflict in Sri Lanka